000 00346 a2200109 4500
001 ART_19037
005 20260410161910.0
008 260409a
245 1 0 _aPrincipios fundamentales económicos de la Contabilidad de Gestión
100 1 _aMallo, Carlos
773 0 _tCostos y gestión
_g- Año I, Nº 1 (sep. 1991)
_wREV12786
999 _c26689
_d26689